PROSPETTIVE LIBRI. DICEMBRE 1981. (Record n. 327563)

Dettagli MARC
000 -LEADER
fixed length control field 01416nas a2200277Ia 4500
001 - CONTROL NUMBER
control field R809-R8970
003 - CONTROL NUMBER IDENTIFIER
control field IT-CnALBA
008 - FIXED-LENGTH DATA ELEMENTS--GENERAL INFORMATION
fixed length control field 170116c99999999xx |||||||||||| ||und||
040 ## - CATALOGING SOURCE
Original cataloging agency IT-CnALBA
Transcribing agency IT-CnALBA
041 ## - LANGUAGE CODE
Language code of text/sound track or separate title ITALIANO
999 ## - SYSTEM CONTROL NUMBERS (KOHA)
Koha Dewey Subclass [OBSOLETE] NO
100 ## - MAIN ENTRY--PERSONAL NAME
Personal name GUARDI BERNARDI MARIO
210 ## - ABBREVIATED TITLE
Abbreviated title PROSPETTIVE LIBRI
222 ## - KEY TITLE
Key title PROSPETTIVE LIBRI
245 #0 - TITLE STATEMENT
Title PROSPETTIVE LIBRI. DICEMBRE 1981.
250 ## - EDITION STATEMENT
Edition statement 1a ed.
260 ## - PUBLICATION, DISTRIBUTION, ETC. (IMPRINT)
Place of publication, distribution, etc. ROMA
Name of publisher, distributor, etc. PROSPETTIVE NEL MONDO ED.
Date of publication, distribution, etc. 1981 [1° Ed.:1981 - Ed.Ling.Originale: 1981]
300 ## - PHYSICAL DESCRIPTION
Extent 62 p.
310 ## - CURRENT PUBLICATION FREQUENCY
Current publication frequency MENSILE
362 ## - DATES OF PUBLICATION AND/OR SEQUENTIAL DESIGNATION
Dates of publication and/or sequential designation Fascicolo: 12 / Anno: 1 (1981)
500 ## - GENERAL NOTE
General note MERCADANTE F. NISTRI E. VACHIN E. GUALERZI G. ANTONELLI F. PAMPALONI G. POESIE DI MARIO SIRONI. SCHMITT PIACE ALLA SINISTRA. UN FILOSOFO CONTRO IL NAZIONALISMO. IL FASCISMO È NATO IN FRANCIA. PAPINI. GUIDA ALLA LETTERATURA DI DOSTOEVSKI. LIBRI SU VERDI. CASSOLA. AMICIZIA TRA UOMO E CANE.
501 ## - WITH NOTE
With note Società San Paolo EM - Piazza San Paolo, 14 - 12051 ALBA (CN) (non commercial uses only) ® Copyright 2017
520 ## - SUMMARY, ETC.
Summary, etc. MERCADANTE F. NISTRI E. VACHIN E. GUALERZI G. ANTONELLI F. PAMPALONI G. POESIE DI MARIO SIRONI. SCHMITT PIACE ALLA SINISTRA. UN FILOSOFO CONTRO IL NAZIONALISMO. IL FASCISMO È NATO IN FRANCIA. PAPINI. GUIDA ALLA LETTERATURA DI DOSTOEVSKI. LIBRI SU VERDI. CASSOLA. AMICIZIA TRA UOMO E CANE.
650 ## - SUBJECT ADDED ENTRY--TOPICAL TERM
Topical term or geographic name as entry element STORIA DESCRIZIONE CRITICA LETTERARIA
942 ## - ADDED ENTRY ELEMENTS (KOHA)
Koha item type RIVISTA
957 ## -
-- 1
999 ## - SYSTEM CONTROL NUMBERS (KOHA)
-- 1
Dati di copia
Withdrawn status Lost status Damaged status Not for loan Home library Current library Date acquired Total Checkouts Full call number Date last seen Price effective from Koha item type Public note
    Buone Condizioni Not For Loan ALBA - Biblioteca ALBA - Biblioteca 16/01/2017   R809-R8970 16/01/2017 16/01/2017 RIVISTA (data import: 16 gennaio 2017) - By Epidotti, Vaglietti.
CREDITS: SOCIETA' SAN PAOLO Via A.Severo, 58 - ROMA (RM) & PERIODICI SAN PAOLO SRL Via Giotto, 36 MILANO & CISF Via Giotto, 36 MILANO & EDIZIONI SAN PAOLO SRL,  Piazza Soncino, 5 CINISELLO BALSAMO (MI) -- ITALY